000 00611nam a2200193 4500
001 113129
003 ES-MaACL
007 t|
008 061121s1982 sp r ||||1| spa d
100 1 _aNúñez Jiménez, Manuel.
_986205
245 1 0 _aEspejo del Jabalón y otros poemas /
_cManuel Núñez Jiménez.
260 _aValdepeñas :
_bAyuntamiento,
_c1982.
300 _a93 p. ;
_c20 cm.
490 1 _aColección `Juan Alcaide` ;
_v9
710 2 _aValdepeñas.
_bAyuntamiento.
_97530
830 0 _aColección "Juan Alcaide"
_v9
_9182027
852 _aES-MaACL
_jL-3926
_bR.104753
999 _c113129
_d113129